Sports Quiz

Random Sports or Sporcle Quiz

Patriots Roster 2013 Quiz Stats

Quiz not verified by Sporcle

Challenge
Share
Tweet
Embed
Score 0/50 Timer 10:00
0 Plays Today
% Correct
Develin
84.2%
Brady
78.9%
Blount
78.9%
Bolden
78.9%
Allen
73.7%
Edelman
73.7%
Slater
73.7%
Vereen
73.7%
Mankins
73.7%
Wilfork
73.7%
Dobson
68.4%
Ridley
68.4%
Gregory
68.4%
Talib
68.4%
McCourty
68.4%
Dennard
68.4%
Hoomanawanui
68.4%
Ninkovich
68.4%
Hightower
68.4%
Spikes
68.4%
Amendola
68.4%
Boyce
68.4%
Gostkowski
63.2%
Wilson
63.2%
Arrington
63.2%
% Correct
Ebner
63.2%
Mayo
63.2%
Thompkins
63.2%
Gronkowski
63.2%
Mulligan
63.2%
Collins
63.2%
Jones
63.2%
Mallett
57.9%
Ryan
57.9%
Connolly
57.9%
Harmon
52.6%
Siliga
52.6%
Vellano
52.6%
Vollmer
52.6%
Solder
52.6%
Jones
52.6%
Wilson
47.4%
Fletcher
47.4%
Carter
47.4%
Cannon
42.1%
Sopoaga
42.1%
Bequette
36.8%
Svitek
31.6%
Buchanan
31.6%
Kelly
26.3%

You're not logged in!

Compare scores with friends on all Sporcle quizzes.
Sign Up with Email
OR
Log In

You Might Also Like...

Show Comments

Extras

Top Quizzes Today


Score Distribution

Your Account Isn't Verified!

In order to create a playlist on Sporcle, you need to verify the email address you used during registration. Go to your Sporcle Settings to finish the process.